Saltar ao contenido

Гены синтаз оксида азота (NOS1, NOS3) в развитии предрасположенности к сахарному диабету 1 типа Статья

Gardado en:
Detalles Bibliográficos
Autor Principal: Кондратьева Е.И
Formato: Статья
Acceso en liña:https://znanium.com/catalog/document?id=14871
https://znanium.com/cover/0484/484419.jpg
Метки: Engadir etiqueta
Sen Etiquetas, Sexa o primeiro en etiquetar este rexistro!
LEADER 01345nam0a2200241 i 4500
001 RU\infra-m\znanium\bibl\484419
003 https://znanium.com/catalog/document?id=14871
005 20200302000000.0
100 |a 20200302d2014 m y0rusy0150 ca 
101 0 |a rus 
102 |a RU 
200 1 |a Гены синтаз оксида азота (NOS1, NOS3) в развитии предрасположенности к сахарному диабету 1 типа  |e Статья 
210 1 |a Москва  |c ФГБУ "Эндокринологический научный центр" МинЗдрав РФ  |d 2007 
215 |a 5 с. 
333 |a Аспирантура 
606 |a Медицина. Фармакология  |x Эндокринология и болезни обмена веществ  |2 local 
608 |a Статья  |2 local 
700 1 |a Кондратьева  |b Е.И. 
701 1 |a Пузырев  |b В. П.  |g Валерий Павлович 
701 1 |a Тарасенко  |b Н.В. 
801 0 |a RU  |b Общество с ограниченной ответственностью «ЗНАНИУМ»  |c 20140821  |2 rusmarc 
856 4 |a znanium.com  |m ebs_support@infra-m.ru  |n НИЦ ИНФРА-М  |u https://znanium.com/catalog/document?id=14871 
856 4 1 |a znanium.com  |d /cover/0484  |f 484419.jpg  |q image/jpeg  |u https://znanium.com/cover/0484/484419.jpg